| 000 | 00585nam a22002177a 4500 | ||
|---|---|---|---|
| 001 | 216219220 | ||
| 003 | UA-OsUOA | ||
| 005 | 20200911114935.0 | ||
| 008 | 200911b un ||||| |||| 00| 0 ukr d | ||
| 040 |
_aUA-OsUOA _bukr _cUA-OsUOA _dUA-OsUOA |
||
| 041 | _aukr | ||
| 080 | _a82.09 | ||
| 090 |
_a82.09 _bГ63 |
||
| 100 | _aГолыгина К. И. | ||
| 245 |
_aТеория изящной словесности в Китае _cК. И. Голыгина |
||
| 260 |
_aМосква _bНаука _c1971 |
||
| 300 | _a291 с. | ||
| 650 | _282.09 | ||
| 942 |
_2udc _cBK |
||
| 955 | _a1 | ||
| 999 |
_c463254 _d463254 |
||